The diary of Michael Wigglesworth, 1653-1657; (Record no. 42690)
[ view plain ]
| 000 -LEADER | |
|---|---|
| fixed length control field | 01021cam a22002771 4500 |
| 001 - CONTROL NUMBER | |
| control field | 8929758 |
| 005 - DATE AND TIME OF LATEST TRANSACTION | |
| control field | 20180822003129.0 |
| 008 - FIXED-LENGTH DATA ELEMENTS--GENERAL INFORMATION | |
| fixed length control field | 720222s1965 nyu 000 0 eng |
| 010 ## - LIBRARY OF CONGRESS CONTROL NUMBER | |
| LC control number | 65025696 |
| 035 ## - SYSTEM CONTROL NUMBER | |
| System control number | (OCoLC)246150 |
| 040 ## - CATALOGING SOURCE | |
| Original cataloging agency | DLC |
| Transcribing agency | OSW |
| Modifying agency | DLC |
| 042 ## - AUTHENTICATION CODE | |
| Authentication code | premarc |
| 100 1# - MAIN ENTRY--PERSONAL NAME | |
| Personal name | Wigglesworth, Michael, |
| Dates associated with a name | 1631-1705. |
| 245 14 - TITLE STATEMENT | |
| Title | The diary of Michael Wigglesworth, 1653-1657; |
| Remainder of title | the conscience of a Puritan. |
| Statement of responsibility, etc | Edited by Edmund S. Morgan. |
| 260 ## - PUBLICATION, DISTRIBUTION, ETC. (IMPRINT) | |
| Place of publication, distribution, etc | New York, |
| Name of publisher, distributor, etc | Harper & Row |
| Date of publication, distribution, etc | [1965, c1946] |
| 300 ## - PHYSICAL DESCRIPTION | |
| Extent | xv, 125 p. : |
| Dimensions | 21 cm. |
| 336 ## - CONTENT TYPE | |
| Content Type Term | text |
| 337 ## - MEDIA TYPE | |
| Media Type Term | unmediated |
| 338 ## - CARRIER TYPE | |
| Carrier Type Term | volume |
| 490 0# - SERIES STATEMENT | |
| Series statement | Harper torchbooks, TB1228G. The Academy library) |
| 500 ## - GENERAL NOTE | |
| General note | "Originally published in 1951 as part of Transactions, 1942-1946, volume XXXV of Publications of the Colonial Society of Massachusetts." |
| 504 ## - BIBLIOGRAPHY, ETC. NOTE | |
| Bibliography, etc | Includes bibliographical references. |
| 600 10 - SUBJECT ADDED ENTRY--PERSONAL NAME | |
| Personal name | Wigglesworth, Michael, |
| Dates associated with a name | 1631-1705. |
| 700 1# - ADDED ENTRY--PERSONAL NAME | |
| Personal name | Morgan, Edmund S. |
| Fuller form of name | (Edmund Sears), |
| Dates associated with a name | 1916-2013, |
| Relator term | ed. |
| 942 ## - ADDED ENTRY ELEMENTS (KOHA) | |
| Source of classification or shelving scheme | Library of Congress Classification |
| Item type | Books |
| Withdrawn status | Lost status | Source of classification or shelving scheme | Damaged status | Not for loan | Home library | Current library | Shelving location | Date acquired | Source of acquisition | Inventory number | Shelving control number | Total Checkouts | Full call number | Date last seen | Price effective from | Koha item type |
|---|---|---|---|---|---|---|---|---|---|---|---|---|---|---|---|---|
| Library of Congress Classification | BSOP Library | BSOP Library | GC | 08/22/2018 | Donation by Drs. George and Anne Harper | 41851 | 127 | BX 7260 W63 1946 | 08/22/2018 | 08/22/2018 | Books |
